Plus grande victoire des clubs de Ligue 1 (2024-2025) - Statistiques

Statistiques générales
  • Ce quiz a été pris 18 fois
  • Le résultat moyen est 4 sur 18
Statistiques - réponses
Club Score Adversaire Date Compétiton % Correct
Montpellier HSC 7 - 0 Stade Brestois 28 Aout 2022 Ligue 1
94%
OGC Nice 8 - 0 AS Saint Etienne 20 Septembre 2024 Ligue 1
88%
AS Monaco 9 - 0 Girondins de Bordeaux 19 Janvier 1986 Ligue 1
81%
Paris Saint Germain 10 - 0 Côte Chaude Sportif St-Etienne 22 Janvier 1994 Coupe de France
75%
Stade Brestois 7 - 0 Sporting Etoile Club Bastia 11 Avril 1986 Ligue 1
56%
RC Strasbourg 10 - 0 US Valenciennes Anzin 24 Avril 1938 Ligue 1
25%
Havre AC 10 - 0 FC Sète 34 31 Janvier 1954 Ligue 1
13%
RC Lens 10 - 0 Blois Football 41 13 Janvier 1957 Coupe de France
6%
LOSC Lille 12 - 0 Golden Lion FC 6 Janvier 2024 Coupe de France
6%
Stade Rennais 11 - 1 Bagnères Luchon 12 Janvier 1969 Coupe de France
0%
FC Nantes 10 - 0 Dinan Léhon FC 14 Janvier 1968 Coupe de France
0%
Toulouse FC 8 - 0 FCE Schirrhein 24 Janvier 2009 Coupe de France
0%
Olympique de Marseille 9 - 0 Football Bourg en Presse Péronnas 01 6 Février 2018 Coupe de France
0%
SCO Angers 10 - 0 Jeunes d'Argentré 15 Novembre 2014 Coupe de France
0%
AJ Auxerre 10 - 1 Nea Salamina Famagusta 19 Juillet 1997 Coupe Intertoto
0%
AS Saint Etienne 11 - 0 RFC Saint Amant et Tallende 29 Novembre 1997 Coupe de France
0%
Stade de Reims 10 - 0 SR Creutzwald 03 10 Mars 1963 Coupe de France
0%
Olympique Lyonnais 10 - 0 SR Dellois 8 Janvier 1956 Coupe de France
0%
Aucun quiz correspondant
Distribution des résultats
% des personnes avec chaque résultat
Percentile par nombre de réponses
Votre historique - résultats
Vous n’avez pas pris ce quiz